Malgudi days (Record no. 81939)
[ view plain ]
| 000 -LEADER | |
|---|---|
| fixed length control field | 00256nam a2200109Ia 4500 |
| 008 - FIXED-LENGTH DATA ELEMENTS--GENERAL INFORMATION | |
| fixed length control field | 221102s9999 xx 000 0 und d |
| 041 ## - LANGUAGE CODE | |
| Language code of text/sound track or separate title | eng |
| 082 ## - DEWEY DECIMAL CLASSIFICATION NUMBER | |
| Item number | R.K |
| 100 ## - MAIN ENTRY--PERSONAL NAME | |
| Personal name | R.K. Narayan |
| 245 ## - TITLE STATEMENT | |
| Title | Malgudi days |
| 260 ## - PUBLICATION, DISTRIBUTION, ETC. (IMPRINT) | |
| Name of publisher, distributor, etc. | Indian Thought pub |
| Date of publication, distribution, etc. | 1905-07-02 |
| Withdrawn status | Lost status | Damaged status | Not for loan | Collection code | Home library | Current library | Date acquired | Full call number | Barcode | Date last seen | Bill Date | Koha item type | Original Barcode |
|---|---|---|---|---|---|---|---|---|---|---|---|---|---|
| BA | College Of Computer Application For Women , Satara | College Of Computer Application For Women , Satara | 14/07/2021 | R.K | BCAS-B-391 | 04/11/2022 | 04/11/2022 | Books | B00391 |